Il procurator

Saved in:
Bibliografiske detaljer
Hovedforfatter: Angelini, Piero (Author)
Format: Bog
Sprog:italiensk
Udgivet: Milán Dott. A. Giuffrè 1971
Serier:Fondazione Guglielmo Castelli, 42
Fag:
Tags: Tilføj Tag
Ingen Tags, Vær først til at tagge denne postø!

MARC

LEADER 00000nam a2200000 a 4500
001 UCR1262
003 CL-VaPUC
008 971212e19710000IT |||||||||||||||||ita|d
082 0 4 |a 340.5409  |b ANG  |2 21 
100 0 |a Angelini, Piero  |e author  |9 398313 
245 1 3 |a Il procurator 
300 |a 275 p 
942 |c BK 
945 |d 19971212 00:00:00  |a aolguin 
260 |a Milán  |b Dott. A. Giuffrè  |c 1971 
650 0 |a Derecho romano  |9 255930 
650 7 |a PROCURADOR  |2 CL-VaPUC  |9 398314 
650 7 |a PROCADURIA  |2 CL-VaPUC  |9 398315 
650 0 |a Historia  |9 255047 
650 7 |a FUENTES  |2 CL-VaPUC  |9 255666 
650 0 |a Mandato   |9 385834 
650 0 |a Atribuciones   |9 391182 
650 7 |a DOCTRINA  |2 CL-VaPUC  |9 378331 
583 |a last modification  |c 19971212 00:00:00  |k Rodrigo Vera 
490 0 |a Fondazione Guglielmo Castelli, 42 
999 |c 264737  |d 264735 
952 |0 0  |1 0  |4 0  |6 340_540900000000000_ANG_1971  |7 0  |8 DER_ROM  |9 295144  |a BIBDER  |b BIBDER  |d 2019-11-19  |i 1918796  |l 1  |o 340.5409 ANG 1971  |p 1918796  |r 2023-01-25  |s 2020-03-16  |w 2019-11-19  |x Ubicación 4to piso  |y BK  |z Este recurso debe solicitarse con anticipación  |k DER